00381nam a2200145Ia 450000500170000000800410001702000150005808200130007310000170008624500300010326000590013330000150019265000100020765000180021720250305003039.0240331s9999 xx 000 0 und d a9555800839 bRANa891 aRanasinghe,A 0aKumana anduru mohothakada aColombobInternational Centre For Ethnic Studiesc2003 a230 p .,  aPoems aShort Stories